00451 2200169 4500001002100000005001700021008004100038020001800079035002500097041000700122082001400129090002000143100001700163245004100180260004500221650001500266INLIS0000000000043000:yyyyMMddHHmmss180719||||||||| | ||| |||| || |  a979-22-2947-7 a0010-031300000004300 aid0 a641.865 3 a641.865 3 HID r0 akoko hidayat00aRolll bread : roti gulung ala taiwan aJakartabPT Gramedia pustaka utamac2007 0aRoll bread